Sports Quiz

Random Sports or NFL Quiz

Leading NFL Rushers of All-Time (2010) Quiz Stats

 Plays Quiz not verified by Sporcle

Also try: ACC
Challenge
Share
Tweet
Embed
Score 0/20 Timer 05:00
0 Plays Today
% Correct
Emmitt Smith
95.3%
Walter Payton
91.3%
Barry Sanders
88.9%
Ladanian Tomlinson
84.2%
Jim Brown
84.2%
Curtis Martin
74.4%
Jerome Bettis
72.7%
Eric Dickerson
71.1%
Marshall Faulk
68%
O.J. Simpson
62.1%
% Correct
Franco Harris
55.3%
Edgerrin James
53.2%
Marcus Allen
53.2%
Tony Dorsett
50.4%
Thurman Thomas
48%
John Riggins
43.8%
Fred Taylor
43.3%
Corey Dillon
42.8%
Ricky Watters
32.2%
Warrick Dunn
30.4%

You're not logged in!

Compare scores with friends on all Sporcle quizzes.
Join for Free
OR
Log In

You Might Also Like...

Show Comments

Extras

Created Apr 11, 2010ReportNominate
Tags:NFL Quiz, 2010, leading, rusher

Top Quizzes Today


Score Distribution

Your Account Isn't Verified!

In order to create a playlist on Sporcle, you need to verify the email address you used during registration. Go to your Sporcle Settings to finish the process.

Report this User

Report this user for behavior that violates our Community Guidelines.

Details: